000 00297nam a2200097Ia 4500
008 220120s9999||||xx |||||||||||||| ||und||
100 _aChaithra Cauverappa
_912276
245 0 _aRobotic Arm control through lan
260 _aCoorg Institute of Technology
_bPonnampet
_c2010
650 _aCOMPUTER SCIENCE
999 _c137862
_d137862